000 00896nam a22001937a 4500
005 20120127124344.0
010 _a
020 _c
_a
035 _aA-391255
037 _b
_adpl
082 _a001.433
100 _aश्रीवास्तव, जी.पी.
_940232
245 1 _aसामाजिक सर्वेक्षण विधियाँ एवं सिद्धान्त /
_cजी.पी.श्रीवास्तव,
260 _aनई दिल्ली
_bश्री पब्लिशिंग हाउस
_c1988-89
270 _a
_b
_e
_k
300 _aवि.पृ.
_c22सेमी (सजिल्द)
942 _adpl
_cHN
_k
_2ddc
_h001.433
_mश्रीवास्त
999 _c61548
_d61548